[Event "St Veit op 42nd"]
[Site "St Veit"]
[Date "2023.07.09"]
[Round "3"]
[White "Riemelmoser, Franz"]
[Black "Hoffmann, Sebastian"]
[Result "0-1"]
[WhiteElo "2263"]
[BlackElo "2134"]
[PlyCount "66"]
[EventDate "2023.07.08"]
[EventType "swiss"]
[EventRounds "9"]
[EventCountry "AUT"]
[SourceTitle "CBM 215 Extra"]
[Source "ChessBase"]
[SourceDate "2023.09.30"]
[SourceVersion "1"]
[SourceVersionDate "2023.09.30"]
[SourceQuality "1"]

1. c4 c6 2. Nf3 d5 3. e3 Bg4 4. cxd5 cxd5 5. Qb3 Qc7 6. Nc3 Bxf3 7. gxf3 e6 8. f4 Nc6 9. d4 Nge7 10. Bd2 g6 11. Qa4 Nc8 12. Nb5 Qb8 13. Ba5 Bd6 14. Rc1 0-0 15. a3 Nxa5 16. Qxa5 Bxf4 17. Bd3 a6 18. Nc3 Bh6 19. h4 Bg7 20. h5 b5 21. a4 bxa4 22. Nxa4 e5 23. hxg6 hxg6 24. Qxd5 Ne7 25. Qe4 Qb4+ 26. Nc3 exd4 27. exd4 Rfe8 28. Kf1 Nf5 29. Qd5 Rad8 30. Qc4 Qxb2 31. Rb1 Qd2 32. Bxf5 gxf5 33. Rb7 Re1+ 0-1

[Event "Bayern-chI Bank Hofmann 24th"]
[Site "Tegernsee"]
[Date "2021.11.01"]
[Round "3"]
[White "Hoffmann, Sebastian"]
[Black "Hess, Max"]
[Result "1/2-1/2"]
[WhiteElo "2177"]
[BlackElo "2412"]
[PlyCount "200"]
[EventDate "2021.10.30"]
[EventType "swiss"]
[EventRounds "9"]
[EventCountry "GER"]
[SourceTitle "CBM 205 Extra"]
[Source "ChessBase"]
[SourceDate "2022.01.31"]
[SourceVersion "1"]
[SourceVersionDate "2022.01.31"]
[SourceQuality "1"]

1. e4 c5 2. c3 d6 3. d4 Nf6 4. Bd3 g6 5. Nf3 Bg7 6. Be3 Nbd7 7. 0-0 0-0 8. h3 b6 9. a4 Bb7 10. Nbd2 cxd4 11. cxd4 e5 12. Re1 d5 13. dxe5 dxe4 14. exf6 Nxf6 15. Be2 exf3 16. Nxf3 Nd5 17. Bd4 Nf4 18. Bxg7 Kxg7 19. Qb3 Qf6 20. Ra3 Rfe8 21. Bf1 Rxe1 22. Nxe1 Re8 23. Nf3 Bxf3 24. Qxf3 Qxb2 25. Re3 Rxe3 26. Qxe3 Ne6 27. Bc4 Qa1+ 28. Kh2 Qd4 29. Qxd4+ Nxd4 30. Kg3 Nf5+ 31. Kf4 Nd6 32. Bd3 Kf6 33. h4 h6 34. g3 Nb7 35. Bc2 Nc5 36. Bd1 Ke6 37. g4 f6 38. g5 hxg5+ 39. hxg5 fxg5+ 40. Kxg5 Ne4+ 41. Kf4 Nc5 42. Bc2 Kf6 43. Ke3 g5 44. Kd4 Ke6 45. a5 Kd6 46. axb6 axb6 47. Bd1 Ke6 48. Bc2 Kf6 49. Kd5 Ne6 50. Be4 Nf4+ 51. Kc6 Nh3 52. Bf3 Nxf2 53. Kxb6 Ke5 54. Kc6 Ne4 55. Bh5 Nf6 56. Bf3 Kf4 57. Be2 Ne4 58. Bh5 Ng3 59. Bd1 Nf5 60. Bh5 Ng7 61. Bd1 Ke3 62. Bg4 Ne8 63. Bh5 Nf6 64. Bd1 Kf2 65. Kb7 Kg3 66. Be2 Ng4 67. Bd1 Kf4 68. Be2 Ne5 69. Bh5 Ng4 70. Ka8 Kg3 71. Kb7 Kh4 72. Bf7 Ne3 73. Be6 Kg3 74. Kb6 Kf4 75. Bh3 Ng4 76. Kc7 Kg3 77. Bf1 Kf3 78. Bh3 Kg3 79. Bf1 Nh2 80. Bc4 Nf3 81. Be6 Nd4 82. Bd7 Kf4 83. Bh3 Nf5 84. Kb6 Ne3 85. Kc7 Ng4 86. Kb6 Kf3 87. Kc7 Kg3 88. Bf1 Ne5 89. Ba6 Ng6 90. Bc8 Ne7 91. Be6 Kf4 92. Bh3 Ke5 93. Kb6 Nd5+ 94. Kb7 Ne3 95. Kc7 Kf4 96. Kb6 Kf3 97. Kc7 Ng4 98. Kb6 Ne5 99. Kc7 g4 100. Bxg4+ Nxg4 1/2-1/2

[Event "Staufer op-A 30th"]
[Site "Schwaebisch Gmuend"]
[Date "2018.01.04"]
[Round "6"]
[White "Spitzl, Vinzent"]
[Black "Hoffmann, Sebastian"]
[Result "1/2-1/2"]
[WhiteElo "2290"]
[BlackElo "2072"]
[PlyCount "97"]
[EventDate "2018.01.02"]
[EventType "swiss"]
[EventRounds "9"]
[EventCountry "GER"]
[SourceTitle "CBM 182 Extra"]
[Source "ChessBase"]
[SourceDate "2018.02.23"]
[SourceVersion "1"]
[SourceVersionDate "2018.02.23"]
[SourceQuality "1"]

1. e4 d5 2. exd5 Qxd5 3. Nf3 Bg4 4. Be2 Nc6 5. h3 Bxf3 6. Bxf3 Qe6+ 7. Qe2 Nd4 8. Qxe6 Nxf3+ 9. gxf3 fxe6 10. b3 Nf6 11. Bb2 g6 12. Nc3 Bg7 13. Ne4 Nh5 14. Bxg7 Nxg7 15. h4 Rf8 16. Rh3 Rf5 17. 0-0-0 Kd7 18. d4 Raf8 19. Rd3 Nh5 20. Nc5+ Kd6 21. Re3 Nf4 22. Rg3 b6 23. Ne4+ Kd7 24. c4 Rh5 25. Rg4 Nh3 26. Ng5 Nxg5 27. hxg5 Rh2 28. Rge4 Rxf2 29. Rxe6 Rf7 30. a4 R2xf3 31. Rxe7+ Rxe7 32. Rxf3 Ke8 33. Kd2 Kd7 34. Kc3 a5 35. d5 Re4 36. b4 Rg4 37. bxa5 bxa5 38. c5 Rxg5 39. Kc4 Rf5 40. Rd3 h5 41. Kb5 h4 42. d6 Rh5 43. Kc4 h3 44. c6+ Kd8 45. d7 Rh4+ 46. Kc5 Rh5+ 47. Kc4 Rh4+ 48. Kc5 Rh5+ 49. Kc4 1/2-1/2

[Event "Pyramiden Franken Cup"]
[Site "Fuerth"]
[Date "2016.09.01"]
[Round "1"]
[White "Hoffmann, Sebastian"]
[Black "Kunin, Vitaly L"]
[Result "0-1"]
[WhiteElo "2003"]
[BlackElo "2595"]
[PlyCount "92"]
[EventDate "2016.09.01"]
[EventType "swiss"]
[EventRounds "7"]
[EventCountry "GER"]
[SourceTitle "CBM 174 Extra"]
[Source "ChessBase"]
[SourceDate "2016.10.10"]
[SourceVersion "1"]
[SourceVersionDate "2016.10.10"]
[SourceQuality "1"]

1. e4 c5 2. Nf3 Nf6 3. c3 Nxe4 4. d4 d5 5. Bf4 Nc6 6. Be2 e6 7. 0-0 Bd6 8. Be3 cxd4 9. Nxd4 0-0 10. Nd2 Nxd4 11. cxd4 Nxd2 12. Qxd2 Bd7 13. Rac1 Rc8 14. Bf4 Bxf4 15. Qxf4 Qb6 16. b3 a6 17. Qe3 Bb5 18. Bxb5 Qxb5 19. Rc5 Rxc5 20. dxc5 Rc8 21. Rc1 h6 22. h3 Qb4 23. Qe5 Qd2 24. Rc3 Qxa2 25. Rg3 Qb1+ 26. Kh2 g6 27. Rf3 Qc1 28. Qf6 Rf8 29. Qe7 a5 30. Qc7 Qa3 31. Kg3 Qb4 32. Kh2 Qb5 33. Qe7 b6 34. cxb6 Qxb6 35. Kg1 Qc6 36. Qa7 Qc1+ 37. Kh2 Qe1 38. Qd7 Qe5+ 39. Kh1 d4 40. Qe7 Qd5 41. Rd3 e5 42. Qf6 Rd8 43. f3 Rd6 44. Qe7 Kg7 45. Kh2 Re6 46. Qa7 Qb5 0-1

[Event "Feffernitz op 25th"]
[Site "Feffernitz"]
[Date "2016.08.26"]
[Round "7"]
[White "Rozman, Monika"]
[Black "Hoffmann, Sebastian"]
[Result "1-0"]
[WhiteElo "2112"]
[BlackElo "1958"]
[PlyCount "63"]
[EventDate "2016.08.21"]
[EventType "swiss"]
[EventRounds "9"]
[EventCountry "AUT"]
[SourceTitle "CBM 174 Extra"]
[Source "ChessBase"]
[SourceDate "2016.10.10"]
[SourceVersion "1"]
[SourceVersionDate "2016.10.10"]
[SourceQuality "1"]

1. e4 Nc6 2. d4 d5 3. e5 Bf5 4. c3 e6 5. Be3 f6 6. f4 Nh6 7. Be2 Be7 8. Nd2 fxe5 9. fxe5 Bg5 10. Bxg5 Qxg5 11. Ngf3 Qe7 12. Qb3 Rb8 13. 0-0-0 Ng4 14. Rde1 a6 15. Rhg1 b5 16. h3 Ne3 17. Bd1 Nc4 18. g4 Bd3 19. Be2 Bxe2 20. Rxe2 N4a5 21. Qc2 Rf8 22. Qxh7 b4 23. Qg6+ Kd7 24. Re3 bxc3 25. Rxc3 Rf4 26. Qc2 Rb7 27. Kb1 Qb4 28. Nb3 Kd8 29. Nc5 Ke7 30. Nxb7 Qxb7 31. Qg6 Rf7 32. Ng5 1-0

[Event "Feffernitz op 24th"]
[Site "Feffernitz"]
[Date "2015.08.19"]
[Round "5"]
[White "Hoffmann, Sebastian"]
[Black "Reinhardt, Bernd"]
[Result "0-1"]
[WhiteElo "1736"]
[BlackElo "2241"]
[PlyCount "102"]
[EventDate "2015.08.16"]
[EventType "swiss"]
[EventRounds "9"]
[EventCountry "AUT"]
[SourceTitle "EXT 2016"]
[Source "ChessBase"]
[SourceDate "2015.10.08"]
[SourceVersion "1"]
[SourceVersionDate "2015.10.08"]
[SourceQuality "1"]

1. e4 g6 2. d4 Bg7 3. Nc3 c6 4. Nf3 d6 5. g3 Nd7 6. Bg2 Qc7 7. 0-0 Ngf6 8. Re1 e5 9. a3 0-0 10. d5 cxd5 11. Nxd5 Nxd5 12. Qxd5 Nf6 13. Qd3 d5 14. Nd2 d4 15. Qc4 Qb8 16. Nb3 Be6 17. Qd3 Nd7 18. f4 f6 19. f5 Bf7 20. Bd2 Qc7 21. Rac1 Bc4 22. Qf3 g5 23. Bf1 Rac8 24. Bxc4+ Qxc4 25. Qd3 Qa4 26. Na5 Nc5 27. Qf3 Rc7 28. b4 Na6 29. Qb3+ Qxb3 30. Nxb3 Rfc8 31. g4 b6 32. Na1 Rc4 33. Rf1 Nc7 34. Rf3 Nb5 35. Rd3 Bf8 36. Kf2 Nc3 37. Bxc3 Rxc3 38. Rxc3 Rxc3 39. Nb3 d3 40. Na1 a5 41. Ke1 axb4 42. Kd2 Rxa3 43. cxd3 Ra2+ 44. Ke3 Bc5+ 45. Kf3 Rd2 46. Rb1 Rxd3+ 47. Kg2 Re3 48. h3 Rxe4 49. Kf3 Re3+ 50. Kg2 e4 51. Rd1 Re2+ 0-1

[Event "Feffernitz op 24th"]
[Site "Feffernitz"]
[Date "2015.08.16"]
[Round "2"]
[White "Hoffmann, Sebastian"]
[Black "Hofmann, Lorenz"]
[Result "1/2-1/2"]
[WhiteElo "1736"]
[BlackElo "1663"]
[PlyCount "138"]
[EventDate "2015.08.16"]
[EventType "swiss"]
[EventRounds "9"]
[EventCountry "AUT"]
[SourceTitle "EXT 2016"]
[Source "ChessBase"]
[SourceDate "2015.10.08"]
[SourceVersion "1"]
[SourceVersionDate "2015.10.08"]
[SourceQuality "1"]

1. e4 e5 2. Nf3 Nc6 3. Bc4 Bc5 4. 0-0 d6 5. c3 Bg4 6. h3 Bh5 7. d4 exd4 8. g4 Bg6 9. cxd4 Bb6 10. Re1 Nge7 11. Bf4 a6 12. a4 Qd7 13. d5 Na7 14. Qb3 Qc8 15. a5 Bc5 16. Qa4+ Nb5 17. b4 Ba7 18. Bxb5+ axb5 19. Qxb5+ Kf8 20. Nh2 h5 21. Kg2 hxg4 22. hxg4 Rxh2+ 23. Kxh2 Qxg4 24. Bg3 Bxe4 25. Qe2 Qxe2 26. Rxe2 Bd4 27. Rxe4 Bxa1 28. Na3 Nxd5 29. Nb5 Rc8 30. Rc4 Be5 31. Nxd6 Bxg3+ 32. Kxg3 Rb8 33. Ne4 Ke7 34. Rc5 Rd8 35. Nc3 Nxb4 36. Rxc7+ Rd7 37. Rc4 Nd5 38. Ne4 Kd8 39. Rc5 b6 40. axb6 Nxb6 41. Rh5 f6 42. Nc5 Ra7 43. Rh7 Ke8 44. Ne6 Ra3+ 45. Kg4 Kf7 46. Nf4 Ra4 47. Kf5 Nc8 48. Kg4 Ne7 49. Kf3 Nf5 50. Rh5 Nd4+ 51. Kg3 Ra3+ 52. Kg2 Rf3 53. Ne2 Rf5 54. Rxf5 Nxf5 55. Kf3 Ke6 56. Ke4 g5 57. Ng1 Nd6+ 58. Kf3 Kf5 59. Ne2 g4+ 60. Kg3 Ne4+ 61. Kg2 Kg5 62. f3 Nd2 63. fxg4 Kxg4 64. Ng3 Nf3 65. Kf2 Nh4 66. Ne4 f5 67. Ng3 f4 68. Ne2 f3 69. Nd4 Kf4 1/2-1/2

[Event "Pyramiden Franken Cup"]
[Site "Fuerth"]
[Date "2014.09.04"]
[Round "1"]
[White "Schrems, Hermann"]
[Black "Hoffmann, Sebastian"]
[Result "1/2-1/2"]
[WhiteElo "2129"]
[BlackElo "1713"]
[PlyCount "66"]
[EventDate "2014.09.04"]
[EventType "swiss"]
[EventRounds "7"]
[EventCountry "GER"]
[SourceTitle "CBM 162 Extra"]
[Source "ChessBase"]
[SourceDate "2014.10.17"]
[SourceVersion "1"]
[SourceVersionDate "2014.10.17"]
[SourceQuality "1"]

1. d4 d5 2. c4 e5 3. dxe5 d4 4. Nf3 Nc6 5. a3 Nge7 6. e3 Bg4 7. Be2 dxe3 8. Bxe3 Qxd1+ 9. Bxd1 Bxf3 10. Bxf3 Nxe5 11. Be2 Nf5 12. Bf4 Bd6 13. Nc3 Nxc4 14. Bxd6 Ncxd6 15. 0-0-0 0-0-0 16. Bg4 Kb8 17. Rhe1 Rhe8 18. Rxe8 Rxe8 19. Rd3 a6 20. g3 Nh6 21. Bf3 Nc4 22. Be2 Ne5 23. Rd5 c6 24. Rd4 Nf5 25. Rf4 Nd6 26. a4 f6 27. h4 b5 28. h5 Rd8 29. axb5 axb5 30. h6 Ng6 31. Rf3 Ne5 32. Rf4 Ng6 33. Rf3 Ne5 1/2-1/2

[Event "Nuremberg Zabo op 15th"]
[Site "Nuremberg"]
[Date "2013.09.21"]
[Round "2"]
[White "Brenner, Christian"]
[Black "Hoffmann, Sebastian"]
[Result "1-0"]
[WhiteElo "1963"]
[BlackElo "1352"]
[PlyCount "63"]
[EventDate "2013.09.20"]
[EventType "swiss"]
[EventRounds "5"]
[EventCountry "GER"]
[SourceTitle "EXT 2016"]
[Source "ChessBase"]
[SourceDate "2015.10.08"]
[SourceVersion "1"]
[SourceVersionDate "2015.10.08"]
[SourceQuality "1"]

1. e4 e5 2. Nf3 Nc6 3. Bb5 a6 4. Ba4 Nf6 5. 0-0 Be7 6. Re1 b5 7. Bb3 0-0 8. h3 d5 9. exd5 Nxd5 10. Nxe5 Nxe5 11. Rxe5 Bb7 12. d4 Bh4 13. Nc3 Nxc3 14. bxc3 Qf6 15. g3 Qc6 16. Bd5 Qxc3 17. Bxb7 Qxa1 18. gxh4 Rad8 19. Re4 Qxa2 20. c3 Rd6 21. Rg4 Re8 22. Bf3 Rde6 23. Bd2 f5 24. Rg5 c5 25. Rxf5 Rg6+ 26. Kh1 Rd8 27. d5 Qc4 28. Rf4 Qd3 29. h5 Rg5 30. Qe1 Kh8 31. Kh2 Rf5 32. Be4 1-0